| 000 | 00357nam a2200145Ia 4500 | ||
|---|---|---|---|
| 008 | 230917s9999||||xx |||||||||||||| ||und|| | ||
| 040 |
_e48513 _aMAIN |
||
| 041 | _aEnglish | ||
| 082 | _a954.5 G869L | ||
| 100 | _aGrewal, J S, ed | ||
| 245 | 0 | _aLetters of Udham Singh | |
| 260 |
_aAmritsar _bGuru Nanak University _c1974 |
||
| 300 | _a104 p. | ||
| 942 | _cBK | ||
| 999 |
_c227950 _d227950 |
||